Self-Identity and powerlessness.

In Self-Identity and Powerlessness , Alice Koubová proposes a conception of human existence that does not essentially depend on the definition of self-identity. The author shows that the philosophical stress on human identity fails to grasp essential aspects of human existence. By emphasizing the mo...

وصف كامل

محفوظ في:

المؤلف الرئيسي: Koubová, Alice.

التنسيق: كتاب الكتروني

اللغة: English

منشور في: Leiden : BRILL, 2013.

سلاسل: Studies in Contemporary Phenomenology 8.
Religious Studies, Theology and Philosophy E-Books Online, Collection 2014, ISBN: 9789004262492.

الموضوعات:

الوصول للمادة أونلاين: Login to view Source

الوسوم: إضافة وسم

لا توجد وسوم, كن أول من يضع وسما على هذه التسجيلة!

رقم الطلب: BD236 .K68 2013

LEADER 03004nam a2200505 i 4500
001 BRILL9789004255005
003 nllekb
005 20210602101716.0
006 m d
007 cr un uuuua
008 130629s2013 ne sb 001 0 eng d
020 |a 9789004255005  |q (electronic book) 
020 |z 9789004254985  |q (print) 
024 7 |a 10.1163/9789004255005  |2 DOI 
035 |a (OCoLC)851316168 
040 |a NL-LeKB  |c NL-LeKB  |e rda 
050 4 |a BD236  |b .K68 2013 
072 7 |a HP  |2 bicssc 
072 7 |a PHI  |x 026000  |2 bisacsh 
082 0 4 |a 128  |2 23 
100 1 |a Koubová, Alice. 
245 1 0 |a Self-Identity and powerlessness. 
264 1 |a Leiden :  |b BRILL,  |c 2013. 
300 |a 1 online resource (251 pages) 
336 |a text  |b txt  |2 rdacontent 
337 |a computer  |b c  |2 rdamedia 
338 |a online resource  |2 rdacarrier 
490 1 |a Studies in contemporary phenomenology 
500 |a Description based upon print version of record. 
505 0 0 |a Preliminary Material -- Introduction -- 1. The Principle of Identity in Heidegger's Descartes -- 2. The Impossibility of a Powerless Da-sein and a Powerful World in Fundamental Ontology -- 3. Paul Ricoeur: Third Mode through Narrativity -- 4. The Powerlessness of Self-Relating and the Power of the World: Exemplification -- 5. Happy Powerlessness, Relaxed Da-sein -- Bibliography -- Index of Subjects -- Index of Modern Authors. 
506 |a Available to subscribing member institutions only. 
520 |a In Self-Identity and Powerlessness , Alice Koubová proposes a conception of human existence that does not essentially depend on the definition of self-identity. The author shows that the philosophical stress on human identity fails to grasp essential aspects of human existence. By emphasizing the moments of Dasein's powerlessness in Heidegger's fundamental ontology, she develops - in her analysis of various philosophers, literary examples, and social psychology -an original phenomenology of alternation of existence and affair. How necessary is identity for thinking? Are we capable of philosophical thought even when we have neither ourselves, nor the world under our full control? Is it possible to relax, become powerless, and yet think precisely? These questions are to be answered in this book. 
600 1 0 |a Heidegger, Martin,  |d 1889-1976. 
650 0 |a Identity (Philosophical concept) 
650 0 |a Phenomenology. 
650 0 |a Self. 
650 0 |a Self (Philosophy) 
650 0 |a Power (Philosophy) 
776 0 8 |i Print version:  |a Koubová, Alice  |t Self-Identity and Powerlessness  |d Leiden : BRILL,c2013  |z 9789004254985 
830 0 |a Studies in Contemporary Phenomenology  |v 8. 
830 0 |a Religious Studies, Theology and Philosophy E-Books Online, Collection 2014, ISBN: 9789004262492. 
856 4 |z DOI:   |u http://dx.doi.org/10.1163/9789004255005 
942 |c EBOOK 
952 |0 0  |1 0  |4 0  |7 1  |9 14603  |a BRILL  |b BRILL  |d 2021-06-02  |l 0  |r 2021-06-02 00:00:00  |w 2021-06-02  |y EBOOK 
999 |c 36052  |d 36052